| 000 | 00503nam a22001817a 4500 | ||
|---|---|---|---|
| 005 | 20210303143000.0 | ||
| 008 | 210303b xxu||||| |||| 00| 0 spa d | ||
| 041 | _aspa | ||
| 082 | _aTU 114 | ||
| 100 |
_aRojas Obando, Stephanie Andrea _959814 |
||
| 245 | _aInforme de práctica supervisada realizada en la Agencia de Viajes Colón | ||
| 260 | _c2019 | ||
| 300 | _a31 páginas | ||
| 650 |
_aCOSTA RICA _959815 |
||
| 650 |
_aTURISMO _9894 |
||
| 650 |
_aAGENCIA DE VIAJES COLÓN _959816 |
||
| 942 | _cIP | ||
| 999 |
_c12927 _d12927 |
||